| 000 -LEADER |
| fixed length control field |
01157nam a22003617a 4500 |
| 001 - CONTROL NUMBER |
| control field |
818610 |
| 003 - CONTROL NUMBER IDENTIFIER |
| control field |
OSt |
| 005 - DATE AND TIME OF LATEST TRANSACTION |
| control field |
20210426092801.0 |
| 008 - FIXED-LENGTH DATA ELEMENTS--GENERAL INFORMATION |
| fixed length control field |
760916s1976 maua b 001 0 eng |
| 010 ## - LIBRARY OF CONGRESS CONTROL NUMBER |
| LC control number |
76044215 |
| 020 ## - INTERNATIONAL STANDARD BOOK NUMBER |
| International Standard Book Number |
0409950068 |
| 040 ## - CATALOGING SOURCE |
| Original cataloging agency |
eng |
| Transcribing agency |
DLC |
| Modifying agency |
eng |
| Language of cataloging |
eng |
| 041 ## - LANGUAGE CODE |
| Language code of text/sound track or separate title |
eng |
| 050 00 - LIBRARY OF CONGRESS CALL NUMBER |
| Classification number |
RC71 |
| Item number |
.C63 1976b |
| 060 ## - NATIONAL LIBRARY OF MEDICINE CALL NUMBER |
| Classification number |
WB141 C638 |
| 080 ## - UNIVERSAL DECIMAL CLASSIFICATION NUMBER |
| Universal Decimal Classification number |
616 |
| Item number |
W-19 |
| 082 00 - DEWEY DECIMAL CLASSIFICATION NUMBER |
| Classification number |
616.07/5 |
| 245 00 - TITLE STATEMENT |
| Title |
Clinical methods : |
| Remainder of title |
the history, physical, and laboratory examinations / |
| Statement of responsibility, etc. |
/ by: Butterworths |
| 260 ## - PUBLICATION, DISTRIBUTION, ETC. |
| Place of publication, distribution, etc. |
Boston : |
| Name of publisher, distributor, etc. |
Butterworths |
| Date of publication, distribution, etc. |
c1976. |
| 300 ## - PHYSICAL DESCRIPTION |
| Extent |
xix, 1098 p. : |
| Other physical details |
ill. ; |
| Dimensions |
23 cm. |
| 504 ## - BIBLIOGRAPHY, ETC. NOTE |
| Bibliography, etc. note |
Includes bibliographies and index. |
| 650 #0 - SUBJECT ADDED ENTRY--TOPICAL TERM |
| Topical term or geographic name entry element |
Diagnosis. |
| 650 #0 - SUBJECT ADDED ENTRY--TOPICAL TERM |
| Topical term or geographic name entry element |
Diagnostics |
| 9 (RLIN) |
77 |
| 650 #2 - SUBJECT ADDED ENTRY--TOPICAL TERM |
| Topical term or geographic name entry element |
Diagnosis. |
| 650 #2 - SUBJECT ADDED ENTRY--TOPICAL TERM |
| Topical term or geographic name entry element |
Diagnosis, Laboratory. |
| 653 ## - INDEX TERM--UNCONTROLLED |
| Uncontrolled term |
დიაგნოსტიკა |
| 653 ## - INDEX TERM--UNCONTROLLED |
| Uncontrolled term |
სამედიცინო დიაგნოზები |
| 700 1# - ADDED ENTRY--PERSONAL NAME |
| Personal name |
Walker, H. Kenneth |
| Fuller form of name |
(Henry Kenneth), |
| Dates associated with a name |
1936- |
| 700 1# - ADDED ENTRY--PERSONAL NAME |
| Personal name |
Hall, W. Dallas |
| Fuller form of name |
(Wilbur Dallas), |
| Dates associated with a name |
1938- |
| 700 1# - ADDED ENTRY--PERSONAL NAME |
| Personal name |
Hurst, J. Willis |
| Fuller form of name |
(John Willis), |
| Dates associated with a name |
1920-2011. |
| 906 ## - LOCAL DATA ELEMENT F, LDF (RLIN) |
| a |
7 |
| b |
cbc |
| c |
orignew |
| d |
1 |
| e |
ocip |
| f |
19 |
| g |
y-gencatlg |
| 942 ## - ADDED ENTRY ELEMENTS (KOHA) |
| Source of classification or shelving scheme |
|
| Koha item type |
Books |